Kosprd a Telecí : příběh ze školky /
Humorný příběh dvou nezbedných předškoláků s vtipem a nadsázkou zachycuje situace, kterých bychom mohli být svědkem v nejedné třídě mateřské školy. Pro malé čtenáře od 5 let.
Uloženo v:
| Hlavní autor: | |
|---|---|
| Další autoři: | |
| Médium: | E-kniha |
| Jazyk: | Czech |
| Vydáno: |
V Praze :
Albatros,
2018
|
| Vydání: | 2. vydání |
| Témata: | |
| Tagy: |
Žádné tagy |
| LEADER | 02571nam a2200445 i 4500 | ||
|---|---|---|---|
| 001 | 311002 | ||
| 003 | CZ PrSKC | ||
| 005 | 20260601215658.0 | ||
| 007 | ta | ||
| 008 | 181025s2018 xr a a 000 j cze | ||
| 015 | |a cnb003047659 | ||
| 020 | |a 9788000051307 |q (vázáno) : |c Kč 229,00 | ||
| 035 | |a (OCoLC)1078645495 | ||
| 040 | |a BOA001 |b cze |e rda | ||
| 072 | 7 | |a 821.162.3-3 |x Česká próza |2 Konspekt | |
| 072 | 7 | |a 821-93 |x Literatura pro děti a mládež (beletrie) |2 Konspekt | |
| 080 | |a 821.162.3-32 |2 MRF | ||
| 080 | |a 821-93 |2 MRF | ||
| 080 | |a (0:82-32) |2 MRF | ||
| 100 | 1 | |a Papoušková, Eva, |d 1969- |7 xx0028179 |4 aut | |
| 245 | 1 | 0 | |a Kosprd a Telecí : |b příběh ze školky / |c Eva Papoušková ; ilustrovala Galina Miklínová |
| 250 | |a 2. vydání | ||
| 264 | 1 | |a V Praze : |b Albatros, |c 2018 | |
| 300 | |a 52 stran : |b barevné ilustrace ; |c 25 cm | ||
| 336 | |a text |b txt |2 rdacontent | ||
| 337 | |a bez média |b n |2 rdamedia | ||
| 338 | |a svazek |b nc |2 rdacarrier | ||
| 520 | 2 | |a Humorný příběh dvou nezbedných předškoláků s vtipem a nadsázkou zachycuje situace, kterých bychom mohli být svědkem v nejedné třídě mateřské školy. Pro malé čtenáře od 5 let. |b Když se jeden jmenuje Kosprd a druhá Telecí, nemají to ve školce zrovna jednoduché. A tak začnou kamarádit spolu. Kromě divných jmen je spojuje ještě jedno - touha utéct ze školky. Protože zábava ve školce je tak leda pro mimina a Kosprd s Telecí mají na práci mnohem důležitější věci. Především zachránit vlastnoručně vyrobenou vzducholoď, kterou Kosprdův tatínek v nějakém pomatení mysli věnoval na výstavu a Kosprd junior ji nutně potřebuje mít zpátky doma. Kniha získala 1. místo v literární soutěži původní české prózy vyhlášené nakladatelstvím Albatros v r. 2012. | |
| 521 | 8 | |a Pro děti od 5 let | |
| 655 | 7 | |a české příběhy |7 fd133973 |2 czenas | |
| 655 | 7 | |a publikace pro děti |7 fd133156 |2 czenas | |
| 655 | 9 | |a Czech stories |2 eczenas | |
| 655 | 9 | |a children's literature |2 eczenas | |
| 700 | 1 | |a Miklínová, Galina, |d 1970- |7 xx0014198 |4 ill | |
| 900 | |a ABA001 |b 19 | ||
| 928 | 9 | |a Albatros Media - Albatros | |
| 044 | |a xr | ||
| 910 | |a RBIT002 | ||
| 998 | |d 183529 |a https://core.palmknihy.cz/api/books/183529/cover?skagv5 |b https://core.palmknihy.cz/api/books/183529/cover/400?skagv5 |c https://core.palmknihy.cz/api/books/183529/cover/50?skagv5 |e 2035-12-31 |g 56 |i 9788000051307 |k https://core.palmknihy.cz/api/books/183529/preview.pdf |l |q 49 |r 1 |s https://www.palmknihy.cz/kniha/183529 |t ebook |y 2018 |z 0 | ||
| 999 | |d 311000 | ||